000 00871nam2a22002411 4500
001 rc\42645
005 20250620193111.0
010 _a5-900529-06-1
_9500
035 _a(NLR Aleph) 005386109
090 _a7147038
_c7147038
100 _a20021216d1995 |||y0rusy50 ca
101 0 _arus
102 _aRU
105 _ay |||||||||
200 1 _aАкадемики-воры
210 _d1995
_aБ. м.
215 _a21 с.
461 0 _1001rc\42644
_12001#$aПодвенечное платье советской науки$vЧ. 1
_1700#1$aГурулев$bС.А.$gСтанислав Андреевич$f1928-
_97147033
_aГурулев, С.А. (1928-)
_cИркутск
_d1995-
_nИмя
_tПодвенечное платье советской науки
_vЧ. 1
801 0 _aRU
_bNLR
_gpsbo
801 1 _aRU
_bELAR
_2rusmarc
852 _aNLR
_j96-4/9092
942 _cBOOK
980 _aNB